Statistics for Historical Timeline of Belgium

Click here to take the quiz!

General Stats

  • This quiz has been taken 67 times
  • The average score is 12 of 17

Answer Stats

YearHintAnswer% Correct
1839 | 1945Kingdom of B______Kingdom of Belgium
98%
27 BCR____ EmpireRoman Empire
98%
1815United Kingdom of the N__________United Kingdom of the Netherlands
95%
1940G______Germany
88%
1797F_____France
82%
862Margraviate of Fl______Margraviate of Flanders
79%
Duchy of Lu________Duchy of Luxembourg
79%
481F______Francia
67%
A_______ NetherlandsAustrian Netherlands
65%
H______ NetherlandsHabsburg Netherlands
63%
Duchy of Lower Lor_____Duchy of Lower Lorraine
61%
S_______ NetherlandsSpanish Netherlands
60%
Prince-Bishopric of Li___Prince-Bishopric of Liege
58%
Duchy of Br_____Duchy of Brabant
58%
Bur_______ NetherlandsBurgundian Netherlands
51%
855Lotha______Lotharingia
37%

Score Distribution

Percentile by Number Answered

Percent of People with Each Score

Your Score History

You have not taken this quiz